Training development guide
| Main Author: | |
|---|---|
| Format: | Book |
| Published: |
Reston, Va. :
Reston ,
1983
|
| Subjects: |
MARC
| LEADER | 00000cam a2200000 7i4500 | ||
|---|---|---|---|
| 001 | 0000005407 | ||
| 005 | 20021126.0 | ||
| 020 | |a 0835977919 | ||
| 040 | |a INS | ||
| 090 | 0 | 0 | |a HF5549.5.T7 |b R439 1983 |
| 100 | 1 | |a Ribler, Ronald I. | |
| 245 | 1 | 0 | |a Training development guide |c Ronald I. Ribler |
| 260 | |a Reston, Va. : |b Reston , |c 1983 | ||
| 300 | |a viii, 215p ; |c 24 cm. | ||
| 650 | 0 | 0 | |a Employees, Training of |x Handbooks, manuals, etc |
| 650 | 0 | 0 | |a Training manuals |
| 999 | |a 0000000134 |b BOOK |c Open Shelf |e Default branch | ||